00521nam a22001697a 450000500170000001000150001702000270003203500130005903700130007208200100008510000220009524500630011726000390018027000570021930000250027650000500030120160704115713.0 aENG-115364 a9788178441863c1495.00 aEN-98896 bDBAD/PUB a301.1 aManoj Kumar Singh aIntroduction to social psychology /cby Manoj Kumar Singh  aNew DelhibK.K. Publicationsc2014 a4806/24,Bharat Ram Road,DaryaganjbNew Delhie110002 aviii,288p.c22cm(Hb) aIncludes bibliographical references and index